Britská metropola a jej moslimovia
Pohľad autora článku na multikultúrny Londýn. Prisťahovalci z bývalej Britskej Indie. Moslimské komunity v Londýne - expanzia islamu. Petrodolárové investície Saudskej Arábie do modlitební, náboženských škôl, športových klubov, sociálnych ústavov a do nadácií na podporu šírenia wahhábizmu. Zlievanie...
Salvato in:
| Autore principale: | |
|---|---|
| Natura: | Capitolo di libro |
| Lingua: | slovacco |
| Soggetti: | |
| Tags: |
Nessun Tag, puoi essere il primo ad aggiungerne!!
|
MARC
| LEADER | 00000naa a2200000 4500 | ||
|---|---|---|---|
| 001 | 0234392 | ||
| 005 | 20221104112524.4 | ||
| 041 | 0 | |a slo | |
| 044 | |a SK | ||
| 245 | 1 | 0 | |a Britská metropola a jej moslimovia |c Adrian Peter Pressburg |
| 520 | |a Pohľad autora článku na multikultúrny Londýn. Prisťahovalci z bývalej Britskej Indie. Moslimské komunity v Londýne - expanzia islamu. Petrodolárové investície Saudskej Arábie do modlitební, náboženských škôl, športových klubov, sociálnych ústavov a do nadácií na podporu šírenia wahhábizmu. Zlievanie moslimských komunít do väčších celkov. Utečenci zo Somálska, Nigérie, Indie, Afganistanu - migrácia 2015/2016. Teroristické činy zvyšujúce napätie medzi moslimskou menšinou a majoritnou populáciou. | ||
| 610 | 2 | 0 | |a populácia |
| 610 | 2 | 0 | |a obyvateľstvo |
| 610 | 2 | 0 | |a mestá |
| 610 | 2 | 0 | |a migrácia nelegálna |
| 610 | 2 | 0 | |a utečenci |
| 610 | 2 | 0 | |a náboženstvo |
| 610 | 2 | 0 | |a islam |
| 610 | 2 | 0 | |a Veľká Británia |
| 100 | 1 | |a Pressburg, Adrian Peter | |